000 00858nam a2200253Ia 4500
003 OSt
005 20220925190137.0
006 a|||||r|||| 00| 0
007 ta
008 220923b |||||||| |||| 00| 0 eng d
020 _a0520235509
_c1201.8299999999999
037 _b103, 14/07/2009, INDEPENDENT PUBLISHERS GROUP
_cGeneral Book
040 _aRTL
_cRTL
_beng
041 _2eng
_aeng
082 _aY:3(W:5), P5
100 _aFarmer Paul
_9237366
245 0 _aPathologies of power
_b Health, human rights, and the new war on the poor
260 _aBarkeley
_bUniversity of California Press
_c2005
300 _axxxvi, 402p
_ccm.
500 _aBibliography P 333-78
650 _aHUMAN RIGHT
_9237367
942 _hY:3(W:5), P5
_cGB
_2CC
999 _c513429
_d513429